[Event "Skakligaen 2022-23"]
[Site "Denmark"]
[Date "2023.01.15"]
[Round "6.8"]
[White "Rendboe, John Filip"]
[Black "Meskenas, Paulius"]
[Result "0-1"]
[WhiteElo "2181"]
[BlackElo "2038"]
[PlyCount "82"]
[EventDate "2022.10.29"]
[EventType "team-tourn"]
[EventRounds "9"]
[EventCountry "DEN"]
[SourceTitle "Holdskaksystemet"]
[WhiteTeam "AarhusSkolerne"]
[BlackTeam "Koge"]

1. c4 c5 2. Nc3 Nf6 3. g3 e6 4. Bg2 Nc6 5. Nf3 d5 6. d4 dxc4 7. dxc5 Qxd1+ 8.
Nxd1 Bxc5 9. O-O Nd5 10. e4 Ndb4 11. Be3 Nd3 12. Bxc5 Nxc5 13. Nd2 b5 14. a4
Nxa4 15. Nxc4 Ke7 16. b3 bxc4 17. bxa4 Rb8 18. Ne3 Na5 19. Ra2 Ba6 20. Rc1 Rb4
21. Bf1 Rhb8 22. Rc3 Rb3 23. Rcc2 R8b4 24. Nd1 Nb7 25. Nc3 Nc5 26. Nb5 Nd3 27.
Nxa7 Kd6 28. Nb5+ Kc5 29. Nc3 Kd4 30. Ne2+ Kxe4 31. Bg2+ Ke5 32. f4+ Kd6 33.
Nc3 Kc5 34. Ne4+ Kd4 35. Nd2 Rb2 36. Nf3+ Ke3 37. Ng5 Rxa2 38. Rxa2 Rb1+ 39.
Bf1 c3 40. Re2+ Kd4 41. Nf3+ Kd5 0-1

[Event "Skakligaen 2022-23"]
[Site "Denmark"]
[Date "2023.03.05"]
[Round "7.1"]
[White "Hansen, Sune Berg"]
[Black "Mikkelsen, Nikolaj"]
[Result "1/2-1/2"]
[WhiteElo "2525"]
[BlackElo "2475"]
[PlyCount "43"]
[EventDate "2022.10.29"]
[EventType "team-tourn"]
[EventRounds "9"]
[EventCountry "DEN"]
[SourceTitle "Holdskaksystemet"]
[WhiteTeam "Hillerod"]
[BlackTeam "BMS"]

1. e4 e5 2. Nf3 Nc6 3. Bb5 a6 4. Ba4 d6 5. O-O Bd7 6. c3 g6 7. d4 Bg7 8. h3 Nf6
9. Re1 O-O 10. Nbd2 exd4 11. cxd4 Nb4 12. Bxd7 Qxd7 13. Nb1 c5 14. Nc3 cxd4 15.
Nxd4 d5 16. a3 Nc6 17. Nxc6 bxc6 18. exd5 Nxd5 19. Be3 Rab8 20. Bd4 Nxc3 21.
bxc3 Bxd4 22. Qxd4 1/2-1/2

[Event "Skakligaen 2022-23"]
[Site "Denmark"]
[Date "2023.03.05"]
[Round "7.2"]
[White "Haubro, Martin"]
[Black "Schandorff, Lars"]
[Result "1/2-1/2"]
[WhiteElo "2398"]
[BlackElo "2476"]
[PlyCount "92"]
[EventDate "2022.10.29"]
[EventType "team-tourn"]
[EventRounds "9"]
[EventCountry "DEN"]
[SourceTitle "Holdskaksystemet"]
[WhiteTeam "BMS"]
[BlackTeam "Hillerod"]

1. e4 e5 2. Nf3 Nc6 3. Bb5 Nf6 4. d3 Bc5 5. c3 O-O 6. O-O d5 7. exd5 Qxd5 8.
Bc4 Qd8 9. b4 Bd6 10. Nbd2 h6 11. Re1 Re8 12. h3 Bf5 13. Ne4 Nxe4 14. dxe4 Be6
15. Bxe6 Rxe6 16. Be3 Re8 17. a4 Qe7 18. a5 a6 19. Nd2 Qe6 20. Qg4 Qxg4 21.
hxg4 Be7 22. Nb3 Red8 23. Red1 Rxd1+ 24. Rxd1 Rd8 25. Rd5 f6 26. Kf1 Kf7 27. b5
axb5 28. Rxb5 Rb8 29. Ke2 Ke8 30. Kd3 Kd7 31. Bc5 Bd6 32. Kc4 Kc8 33. Be3 Ra8
34. Rd5 Ne7 35. Rd1 Nc6 36. Kb5 Na7+ 37. Kc4 Nc6 38. Ra1 Ra6 39. Kb5 Na7+ 40.
Bxa7 c6+ 41. Kc4 Rxa7 42. f3 Ra6 43. Kd3 b6 44. axb6 Rxa1 45. Nxa1 Bc5 46. Nb3
Bxb6 1/2-1/2

[Event "Skakligaen 2022-23"]
[Site "Denmark"]
[Date "2023.03.05"]
[Round "7.3"]
[White "Percivaldi, Martin"]
[Black "Liu, Casper Yukun"]
[Result "1/2-1/2"]
[WhiteElo "2400"]
[BlackElo "2317"]
[PlyCount "49"]
[EventDate "2022.10.29"]
[EventType "team-tourn"]
[EventRounds "9"]
[EventCountry "DEN"]
[SourceTitle "Holdskaksystemet"]
[WhiteTeam "Hillerod"]
[BlackTeam "BMS"]

1. Nf3 c5 2. g3 Nf6 3. Bg2 Nc6 4. c4 d5 5. O-O d4 6. e3 e5 7. exd4 cxd4 8. Re1
Bd6 9. b4 Nxb4 10. Nxe5 O-O 11. a3 Na6 12. d3 Nc5 13. Nf3 Bf5 14. Bf1 Bg4 15.
Bb2 Nfd7 16. Nbd2 Ne5 17. h3 Bh5 18. g4 Nexd3 19. Bxd3 Nxd3 20. gxh5 Qd7 21.
Qb3 Qxh3 22. Qxd3 Bh2+ 23. Kh1 Bg3+ 24. Kg1 Bh2+ 25. Kh1 1/2-1/2

[Event "Skakligaen 2022-23"]
[Site "Denmark"]
[Date "2023.03.05"]
[Round "7.4"]
[White "Rostgaard, Tobias Valentin"]
[Black "Borge, Nikolaj"]
[Result "1-0"]
[WhiteElo "2323"]
[BlackElo "2388"]
[PlyCount "145"]
[EventDate "2022.10.29"]
[EventType "team-tourn"]
[EventRounds "9"]
[EventCountry "DEN"]
[SourceTitle "Holdskaksystemet"]
[WhiteTeam "BMS"]
[BlackTeam "Hillerod"]

1. c4 c5 2. Nc3 Nc6 3. Nf3 e5 4. g3 g6 5. Bg2 Bg7 6. d3 Nge7 7. a3 d6 8. Rb1 a5
9. Bd2 O-O 10. O-O h6 11. Ne1 Be6 12. Nc2 d5 13. cxd5 Nxd5 14. Nxd5 Bxd5 15.
Bxd5 Qxd5 16. Qc1 h5 17. Ne3 Qd6 18. Nc4 Qe6 19. Be3 Nd4 20. Re1 a4 21. Nd2
Rfc8 22. Qc4 Qd7 23. Ne4 b5 24. Qc1 Nb3 25. Qd1 h4 26. Bg5 hxg3 27. fxg3 Ra6
28. Nd2 Nd4 29. Rf1 Qg4 30. e3 Qxg5 31. exd4 Qe3+ 32. Kg2 Qxd4 33. Qf3 f5 34.
Qb7 Rac6 35. Nf3 Qxd3 36. Rbd1 Qe2+ 37. Kh1 Bf6 38. Rde1 Qc4 39. Rc1 Qb3 40.
Rcd1 R8c7 41. Qb8+ Kg7 42. Nd2 Qc2 43. Nf3 e4 44. Ne5 Bxe5 45. Rd8 Re7 46. Rg8+
Kh7 47. Qf8 Qd3 48. Rf4 Qb1+ 49. Kg2 Qxb2+ 50. Rf2 Qxf2+ 51. Kxf2 Rcc7 52. h4
Bg7 53. Qa8 c4 54. h5 gxh5 55. Rd8 c3 56. Qd5 Rf7 57. Qd1 Kg6 58. Qd6+ Bf6 59.
g4 hxg4 60. Rg8+ Kh7 61. Re8 Rcd7 62. Qf4 Bd4+ 63. Kg2 Bg7 64. Qg5 Rf6 65. Rc8
Rd2+ 66. Kg1 Rd1+ 67. Kg2 Rd2+ 68. Kg1 Rd3 69. Rc7 Rd1+ 70. Kf2 Rd2+ 71. Ke1
Rg6 72. Qh5+ Rh6 73. Qxf5+ 1-0

[Event "Skakligaen 2022-23"]
[Site "Denmark"]
[Date "2023.03.05"]
[Round "7.5"]
[White "Ostergaard, Jens"]
[Black "Kistrup, Nicolai"]
[Result "1-0"]
[WhiteElo "2253"]
[BlackElo "2274"]
[PlyCount "79"]
[EventDate "2022.10.29"]
[EventType "team-tourn"]
[EventRounds "9"]
[EventCountry "DEN"]
[SourceTitle "Holdskaksystemet"]
[WhiteTeam "Hillerod"]
[BlackTeam "BMS"]

1. d4 Nf6 2. Nf3 d5 3. c4 e6 4. Nc3 c5 5. cxd5 Nxd5 6. e4 Nxc3 7. bxc3 cxd4 8.
cxd4 Bb4+ 9. Bd2 Bxd2+ 10. Qxd2 O-O 11. Bc4 Nd7 12. O-O b6 13. Rfe1 Bb7 14. Re3
Nf6 15. Rae1 Qc7 16. Bb3 Rac8 17. Qb2 Rfd8 18. h3 h6 19. d5 exd5 20. e5 Ne4 21.
e6 fxe6 22. Nd4 Nc5 23. Nxe6 Nxe6 24. Rxe6 Qf7 25. Qe5 Rf8 26. Re7 Qxf2+ 27.
Kh2 Rf7 28. Rxb7 Rxb7 29. Qe6+ Kh7 30. Qxc8 Rf7 31. Qe6 Rf6 32. Qe5 d4 33. Re2
Qf4+ 34. Qxf4 Rxf4 35. Bc2+ Kg8 36. Re4 Rf2 37. Bb3+ Kf8 38. Rxd4 Ke7 39. Kg3
Rf6 40. Rf4 1-0

[Event "Skakligaen 2022-23"]
[Site "Denmark"]
[Date "2023.03.05"]
[Round "7.6"]
[White "Jacobsen, Mikkel Manosri"]
[Black "Jaksland, Tim"]
[Result "1-0"]
[WhiteElo "2267"]
[BlackElo "2100"]
[PlyCount "125"]
[EventDate "2022.10.29"]
[EventType "team-tourn"]
[EventRounds "9"]
[EventCountry "DEN"]
[SourceTitle "Holdskaksystemet"]
[WhiteTeam "BMS"]
[BlackTeam "Hillerod"]

1. d4 Nf6 2. Nf3 e6 3. Bf4 c5 4. e3 cxd4 5. exd4 b6 6. Nbd2 Be7 7. h3 O-O 8. c3
Ba6 9. Bxa6 Nxa6 10. O-O d6 11. Re1 h6 12. Bh2 Nc7 13. a4 a6 14. Qe2 Qd7 15. c4
Rfe8 16. b3 b5 17. Rec1 bxc4 18. bxc4 Reb8 19. c5 Nfd5 20. Ne4 dxc5 21. Ne5 Qe8
22. dxc5 Bg5 23. Rc4 Rb4 24. Rxb4 Nxb4 25. Nd6 Qe7 26. Nexf7 Bf6 27. Be5 Ncd5
28. Bxf6 Qxf6 29. Qe5 Nc6 30. Qxf6 Nxf6 31. f4 Nd7 32. Rc1 Kf8 33. Ne5 Ndxe5
34. fxe5 Ke7 35. Rb1 Nxe5 36. Rb7+ Kf6 37. Kf1 Rd8 38. Ke2 h5 39. Ke3 h4 40.
Kd4 Nc6+ 41. Kc3 Rb8 42. Rf7+ Kg6 43. Rf4 Rb1 44. Rg4+ Kh5 45. Kc2 Rb4 46. Rxb4
Nxb4+ 47. Kc3 Nc6 48. Ne8 Kg5 49. Nxg7 e5 50. Kd3 Kf4 51. Ne6+ Kf5 52. Nc7 e4+
53. Ke3 a5 54. Nd5 Ke5 55. Nb6 Nb4 56. Nc4+ Kd5 57. Nxa5 Nc2+ 58. Kd2 Nb4 59.
c6 Kd6 60. Ke3 Nc2+ 61. Kxe4 Ne1 62. Nc4+ Kxc6 63. Ne3 1-0

[Event "Skakligaen 2022-23"]
[Site "Denmark"]
[Date "2023.03.05"]
[Round "7.7"]
[White "Pedersen, Jan Nordenbaek"]
[Black "Brorsen, Jacob Abildlund"]
[Result "1-0"]
[WhiteElo "2132"]
[BlackElo "2201"]
[PlyCount "81"]
[EventDate "2022.10.29"]
[EventType "team-tourn"]
[EventRounds "9"]
[EventCountry "DEN"]
[SourceTitle "Holdskaksystemet"]
[WhiteTeam "Hillerod"]
[BlackTeam "BMS"]

1. e4 c5 2. Nf3 Nc6 3. d4 cxd4 4. Nxd4 Nf6 5. Nc3 e5 6. Ndb5 d6 7. Bg5 a6 8.
Na3 Be7 9. Bxf6 gxf6 10. Nc4 Be6 11. Ne3 Qa5 12. a3 Nd4 13. Bd3 Rc8 14. O-O Qb6
15. Ncd5 Qa7 16. c3 Nc6 17. Qf3 Rg8 18. Nxf6+ Bxf6 19. Qxf6 Rg6 20. Qh4 Kd7 21.
Rfd1 Rcg8 22. g3 Qb8 23. Be2 Qf8 24. Nf5 Bb3 25. Rd2 Kc7 26. c4 Rh8 27. Rc1 Na5
28. c5 dxc5 29. Qe7+ Kb6 30. Qxe5 Nc6 31. Qc3 Be6 32. Nd6 c4 33. Bxc4 Bxc4 34.
Nxc4+ Ka7 35. Qe3+ Kb8 36. Rd7 Qe8 37. Qf4+ Ka7 38. Rcd1 Qe6 39. Qxf7 Rb8 40.
Qxe6 Rxe6 41. f3 1-0

[Event "Skakligaen 2022-23"]
[Site "Denmark"]
[Date "2023.03.05"]
[Round "7.8"]
[White "Seegert, Kristian"]
[Black "Erichsen, Dan"]
[Result "1-0"]
[WhiteElo "2211"]
[BlackElo "2069"]
[PlyCount "59"]
[EventDate "2022.10.29"]
[EventType "team-tourn"]
[EventRounds "9"]
[EventCountry "DEN"]
[SourceTitle "Holdskaksystemet"]
[WhiteTeam "BMS"]
[BlackTeam "Hillerod"]

1. e4 e5 2. Nf3 Nc6 3. Bb5 a6 4. Ba4 Nf6 5. d3 b5 6. Bb3 Bc5 7. O-O O-O 8. a4
Bb7 9. Nc3 b4 10. Nd5 h6 11. Be3 Bxe3 12. fxe3 d6 13. Nxf6+ Qxf6 14. Nd4 Qg5
15. Nf5 Ne7 16. h4 Qf6 17. Qh5 Bc8 18. g4 Bxf5 19. exf5 d5 20. g5 Qb6 21. f6
Qxe3+ 22. Kg2 Ng6 23. fxg7 Kxg7 24. Qxh6+ Kg8 25. Bxd5 Nf4+ 26. Rxf4 Qxf4 27.
Qg6+ Kh8 28. Qh5+ Kg7 29. Rf1 Qd2+ 30. Rf2 1-0

[Event "Skakligaen 2022-23"]
[Site "Denmark"]
[Date "2023.03.05"]
[Round "7.1"]
[White "Hector, Jonny"]
[Black "Hillarp Persson, Tiger"]
[Result "1/2-1/2"]
[WhiteElo "2454"]
[BlackElo "2511"]
[PlyCount "96"]
[EventDate "2022.10.29"]
[EventType "team-tourn"]
[EventRounds "9"]
[EventCountry "DEN"]
[SourceTitle "Holdskaksystemet"]
[WhiteTeam "Nordkalotten"]
[BlackTeam "Bronshoj"]

1. e4 c5 2. Nf3 d6 3. d4 cxd4 4. Nxd4 Nf6 5. Nc3 a6 6. Bg5 e6 7. f4 h6 8. Bh4
Qb6 9. a3 Nbd7 10. Bf2 Qc7 11. Qe2 b5 12. O-O-O Bb7 13. g4 g5 14. fxg5 hxg5 15.
h4 Ne5 16. Rh3 Nfxg4 17. hxg5 Rxh3 18. Bxh3 Nxf2 19. Qxf2 Rc8 20. Kb1 Qe7 21.
Qg3 Ng6 22. Nf5 Qc7 23. Nxd6+ Bxd6 24. Rxd6 Ke7 25. e5 Nxe5 26. Rd1 Nf3 27. Qg2
Rd8 28. Rxd8 Qxd8 29. Ka2 Qd2 30. Qg3 Qd6 31. Qg2 Qd2 32. Qg3 Nxg5 33. Bf1 f5
34. Bd3 Qg2 35. Qc7+ Ke8 36. Qg7 Nf7 37. Qf6 Bc8 38. Be2 Qh2 39. Qg6 Qh6 40.
Qg2 e5 41. Qg8+ Qf8 42. Qg6 Qc5 43. Bh5 Qc4+ 44. Ka1 Ke7 45. Qg7 Be6 46. Bxf7
Qf1+ 47. Nb1 Bxf7 48. Qxe5+ Be6 1/2-1/2

[Event "Skakligaen 2022-23"]
[Site "Denmark"]
[Date "2023.03.05"]
[Round "7.2"]
[White "Vasli, Aref"]
[Black "Brynell, Stellan"]
[Result "1-0"]
[WhiteElo "2374"]
[BlackElo "2383"]
[PlyCount "81"]
[EventDate "2022.10.29"]
[EventType "team-tourn"]
[EventRounds "9"]
[EventCountry "DEN"]
[SourceTitle "Holdskaksystemet"]
[WhiteTeam "Bronshoj"]
[BlackTeam "Nordkalotten"]

1. e4 e6 2. d4 d5 3. Nc3 Nf6 4. Bg5 Be7 5. e5 Nfd7 6. h4 h6 7. Bxe7 Qxe7 8. Qd2
a6 9. Nce2 Nb6 10. c3 Bd7 11. Nf3 Bb5 12. Nf4 Bxf1 13. Kxf1 N8d7 14. Rh3 O-O-O
15. h5 Kb8 16. Rg3 Rhg8 17. Qc2 c5 18. Qh7 Qf8 19. Kg1 cxd4 20. cxd4 Rc8 21. a3
Ka7 22. Rd1 Rc7 23. Nd2 Nb8 24. Nb3 Nc6 25. Rc3 Na4 26. Rc2 Rh8 27. Qd3 Qe7 28.
Rdc1 Rhc8 29. Qh7 Qf8 30. Na5 Nb6 31. Rc3 Kb8 32. Nxc6+ Rxc6 33. Rxc6 Rxc6 34.
Rxc6 bxc6 35. Qc2 Kc7 36. Nd3 Nd7 37. Qa4 Qc8 38. Qa5+ Kb7 39. Qb4+ Ka7 40. Qe7
Qb7 41. Qxf7 1-0

[Event "Skakligaen 2022-23"]
[Site "Denmark"]
[Date "2023.03.05"]
[Round "7.3"]
[White "Sylvan, Jacob"]
[Black "Hoi, Carsten"]
[Result "1/2-1/2"]
[WhiteElo "2310"]
[BlackElo "2344"]
[PlyCount "41"]
[EventDate "2022.10.29"]
[EventType "team-tourn"]
[EventRounds "9"]
[EventCountry "DEN"]
[SourceTitle "Holdskaksystemet"]
[WhiteTeam "Nordkalotten"]
[BlackTeam "Bronshoj"]

1. e4 e5 2. Nf3 Nc6 3. Bb5 a6 4. Ba4 d6 5. O-O Bd7 6. c3 g6 7. d4 Bg7 8. h3 Nf6
9. Re1 Qe7 10. d5 Nd8 11. c4 b5 12. cxb5 axb5 13. Bc2 O-O 14. Bg5 h6 15. Be3
Nh5 16. Nc3 b4 17. Ne2 f5 18. Bd2 Rb8 19. Nc1 Qf7 20. Nd3 fxe4 21. Rxe4 1/2-1/2

[Event "Skakligaen 2022-23"]
[Site "Denmark"]
[Date "2023.03.05"]
[Round "7.4"]
[White "Bromann, Thorbjorn"]
[Black "Hove, Esben Kjems"]
[Result "1/2-1/2"]
[WhiteElo "2374"]
[BlackElo "2305"]
[PlyCount "166"]
[EventDate "2022.10.29"]
[EventType "team-tourn"]
[EventRounds "9"]
[EventCountry "DEN"]
[SourceTitle "Holdskaksystemet"]
[WhiteTeam "Bronshoj"]
[BlackTeam "Nordkalotten"]

1. d4 d5 2. Bg5 c6 3. Nf3 Bf5 4. e3 h6 5. Bh4 Nd7 6. c4 Ngf6 7. Nc3 e6 8. Be2
Be7 9. Qb3 Qb6 10. c5 Qc7 11. O-O O-O 12. Rfc1 Rfe8 13. Qd1 Ne4 14. Nxe4 Bxe4
15. Bg3 Qc8 16. b4 Bxf3 17. Bxf3 Bd8 18. b5 Bc7 19. bxc6 bxc6 20. Qa4 Bxg3 21.
hxg3 Nf6 22. Rab1 e5 23. Rb3 exd4 24. exd4 g5 25. Rf1 Kg7 26. Rb2 Re7 27. Be2
Qe8 28. Ba6 Rb8 29. Rxb8 Qxb8 30. Qxc6 Qb4 31. Bc8 Qxd4 32. Qd6 Re2 33. Bf5 Ne8
34. Qc6 Qe5 35. Bb1 Re1 36. Bd3 Rxf1+ 37. Bxf1 Nf6 38. Qa4 Qc3 39. Qxa7 Qd4 40.
Qa6 Ne4 41. Qe2 Qxc5 42. Qb2+ Qc3 43. Qe2 Qd4 44. a3 Kf8 45. g4 Nf6 46. Qa2
Nxg4 47. a4 h5 48. a5 h4 49. a6 Qf4 50. g3 hxg3 51. Qa3+ Kg7 52. Qxg3 Qd4 53.
a7 Qxa7 54. Qxg4 Qe7 55. Qd4+ Qf6 56. Qxd5 Qf4 57. Bc4 Kg6 58. Bd3+ Kf6 59. Kf1
Qc1+ 60. Kg2 Qf4 61. Bc4 Kg7 62. Be2 Kg6 63. Bd3+ Kf6 64. Qf3 Ke5 65. Qe3+ Qxe3
66. fxe3 f5 67. Kf3 Kf6 68. Bc2 Ke5 69. Bb1 Kf6 70. Bc2 Ke5 71. Bd3 Kf6 72. Ba6
Ke6 73. Bc8+ Kf6 74. Bb7 Ke6 75. Ke2 Ke5 76. Kd3 f4 77. e4 g4 78. Ba8 g3 79.
Ke2 g2 80. Kf2 f3 81. Bb7 Kf4 82. e5 Kxe5 83. Bxf3 Kf4 1/2-1/2

[Event "Skakligaen 2022-23"]
[Site "Denmark"]
[Date "2023.03.05"]
[Round "7.5"]
[White "Schmidt, Kristen"]
[Black "Aabling Thomsen, Jakob"]
[Result "1/2-1/2"]
[WhiteElo "2273"]
[BlackElo "2349"]
[PlyCount "203"]
[EventDate "2022.10.29"]
[EventType "team-tourn"]
[EventRounds "9"]
[EventCountry "DEN"]
[SourceTitle "Holdskaksystemet"]
[WhiteTeam "Nordkalotten"]
[BlackTeam "Bronshoj"]

1. e4 e5 2. Nf3 d5 3. Nxe5 Bd6 4. d4 dxe4 5. Nc4 Nf6 6. Be2 Nc6 7. c3 O-O 8.
Bg5 Be7 9. Bxf6 Bxf6 10. Nbd2 Re8 11. O-O Bg5 12. f4 Bh6 13. Ne3 f5 14. g4 fxg4
15. Bxg4 Qh4 16. Bxc8 Raxc8 17. Qg4 Qf6 18. Rae1 Rcd8 19. Nec4 Nxd4 20. Nxe4
Qf5 21. Qxf5 Nxf5 22. Ne5 Nd6 23. Ng5 Bxg5 24. fxg5 Re6 25. Nf3 Rde8 26. Rxe6
Rxe6 27. Rf2 Ne4 28. Rg2 Nc5 29. Rd2 Kf7 30. Kg2 Ke7 31. h4 Re4 32. Kh3 Ne6 33.
Kg3 h5 34. gxh6 gxh6 35. Rd5 Kf6 36. Rh5 Re2 37. Rxh6+ Kg7 38. Rh5 Rxb2 39. Ng5
Kg6 40. Rh8 Nxg5 41. Rg8+ Kf7 42. Rxg5 Rxa2 43. h5 Rc2 44. Rc5 c6 45. Kf4 Kf6
46. Kg4 Rc1 47. Kf4 a6 48. Kg4 Rg1+ 49. Kf4 Rb1 50. c4 Rc1 51. Ke4 Rc3 52. Rf5+
Ke6 53. Re5+ Kd6 54. Kd4 Ra3 55. Rg5 Kc7 56. Rg7+ Kb6 57. c5+ Ka7 58. h6 Rh3
59. h7 a5 60. Kc4 Ka6 61. Rf7 Ka7 62. Rg7 a4 63. Kb4 a3 64. Rg3 Rh4+ 65. Kxa3
Rxh7 66. Rg4 Ka6 67. Kb4 Rh1 68. Rg7 Rb1+ 69. Kc4 Ka5 70. Kd4 Ka4 71. Kc4 Rb4+
72. Kc3 Rb5 73. Kc4 Ka5 74. Rh7 Rb1 75. Rg7 Rc1+ 76. Kd4 Ka6 77. Rh7 Rg1 78.
Kc4 Rg4+ 79. Kd3 Ka7 80. Rh8 Rg7 81. Kc3 Rd7 82. Kc4 Rg7 83. Rh4 Ka6 84. Kb4
Rf7 85. Rg4 Ka7 86. Re4 Kb8 87. Rg4 Rd7 88. Rh4 Kc7 89. Rg4 Kd8 90. Rg8+ Ke7
91. Ka5 Ke6 92. Kb6 Kd5 93. Rg1 Kc4 94. Rc1+ Kb3 95. Rb1+ Kc3 96. Rc1+ Kb2 97.
Rh1 Kc2 98. Rh3 Kb2 99. Rg3 Kc2 100. Rh3 Kb2 101. Rg3 Kc2 102. Rh3 1/2-1/2

[Event "Skakligaen 2022-23"]
[Site "Denmark"]
[Date "2023.03.05"]
[Round "7.7"]
[White "Jakobsen, Peter"]
[Black "Thuesen, Mogens Henrik"]
[Result "1-0"]
[WhiteElo "2175"]
[BlackElo "2137"]
[PlyCount "65"]
[EventDate "2022.10.29"]
[EventType "team-tourn"]
[EventRounds "9"]
[EventCountry "DEN"]
[SourceTitle "Holdskaksystemet"]
[WhiteTeam "Nordkalotten"]
[BlackTeam "Bronshoj"]

1. Nf3 d5 2. c4 e6 3. g3 Nf6 4. Bg2 c5 5. O-O Nc6 6. cxd5 exd5 7. d4 Be7 8.
dxc5 Bxc5 9. Bg5 O-O 10. Qc2 Be7 11. Nc3 Be6 12. Rfd1 h6 13. Bf4 Qb6 14. Be3
Qa5 15. h3 Rac8 16. Rac1 Ne4 17. a3 Bf6 18. Bd2 Bxc3 19. Bxc3 Qb6 20. e3 Rfd8
21. Qe2 Nxc3 22. Rxc3 d4 23. Nxd4 Nxd4 24. exd4 Rxc3 25. bxc3 Qb3 26. Qe1 Rc8
27. d5 Bf5 28. g4 Bc2 29. Rc1 Qxc3 30. Qxc3 Rxc3 31. d6 Kf8 32. Be4 Bxe4 33.
Rxc3 1-0

[Event "Skakligaen 2022-23"]
[Site "Denmark"]
[Date "2023.03.05"]
[Round "7.8"]
[White "Laursen, Niels Norskov"]
[Black "Nielsen, Lars Aaes"]
[Result "1/2-1/2"]
[WhiteElo "2166"]
[BlackElo "2182"]
[PlyCount "89"]
[EventDate "2022.10.29"]
[EventType "team-tourn"]
[EventRounds "9"]
[EventCountry "DEN"]
[SourceTitle "Holdskaksystemet"]
[WhiteTeam "Bronshoj"]
[BlackTeam "Nordkalotten"]

1. e4 e6 2. d3 d5 3. Nd2 c5 4. Ngf3 Nc6 5. g3 Nf6 6. Bg2 Be7 7. O-O dxe4 8.
dxe4 e5 9. Nc4 Qxd1 10. Rxd1 Bg4 11. c3 O-O 12. h3 Bh5 13. Bg5 Rfe8 14. g4 Bg6
15. Nfxe5 Nxe5 16. Nxe5 Bxe4 17. Bxf6 Bxg2 18. Bxe7 Rxe7 19. Kxg2 Rxe5 20. Rd7
b6 21. Rad1 Kf8 22. Rb7 Re7 23. Rdd7 Rae8 24. Kf3 Rxd7 25. Rxd7 Re7 26. Rd8+
Re8 27. Rxe8+ Kxe8 28. Ke4 Kd7 29. Kd5 Kc7 30. f4 Kd7 31. h4 Kc7 32. h5 Kd7 33.
a4 h6 34. a5 Kc7 35. a6 Kd7 36. c4 Kc7 37. g5 Kd7 38. f5 Ke7 39. g6 fxg6 40.
fxg6 Kd7 41. b3 Ke7 42. Kc6 Ke6 43. Kc7 Ke7 44. Kc8 Ke8 45. Kc7 1/2-1/2

[Event "Skakligaen 2022-23"]
[Site "Denmark"]
[Date "2023.03.05"]
[Round "7.1"]
[White "Andersen, Mads"]
[Black "Petersen, Tom Petri"]
[Result "1-0"]
[WhiteElo "2604"]
[BlackElo "2300"]
[PlyCount "123"]
[EventDate "2022.10.29"]
[EventType "team-tourn"]
[EventRounds "9"]
[EventCountry "DEN"]
[SourceTitle "Holdskaksystemet"]
[WhiteTeam "Skanderborg"]
[BlackTeam "Nordre"]

1. e4 g6 2. d4 Bg7 3. Nf3 d6 4. Be2 Nf6 5. Nc3 c6 6. a4 b6 7. O-O O-O 8. h3 Qc7
9. Be3 e5 10. dxe5 dxe5 11. Bc4 Qe7 12. Qe2 Nbd7 13. Rfd1 Nc5 14. Bc1 a5 15. b3
Nh5 16. Qd2 Be6 17. Bxe6 Qxe6 18. Qd6 Nf4 19. Be3 Qxd6 20. Rxd6 Rfc8 21. Bxc5
bxc5 22. Nd2 Ne6 23. Rd7 Nd4 24. Ra2 Rd8 25. Rxd8+ Rxd8 26. Nc4 Ra8 27. g4 f6
28. Kf1 Kf7 29. Ne2 Bf8 30. c3 Ne6 31. Kg2 Be7 32. Rd2 Ra7 33. Kg3 Bd8 34. Rd6
Ke7 35. h4 Bc7 36. Rd1 Ra8 37. f3 Rb8 38. Rb1 Rb7 39. Kf2 Rb8 40. Ke3 Rb7 41.
Nc1 Rb8 42. Nd3 Ra8 43. Kd2 Kf7 44. Rh1 Rb8 45. Kc2 Ra8 46. Ne3 Rd8 47. Rg1 Nf4
48. Nxf4 exf4 49. Nc4 Rg8 50. Rg2 h6 51. Nb2 Ke6 52. Kd3 h5 53. gxh5 Rd8+ 54.
Kc4 gxh5 55. Rg7 Be5 56. Nd3 Bd6 57. Rh7 Rg8 58. Nxc5+ Bxc5 59. Kxc5 Rg3 60.
Rxh5 Rxf3 61. Kd4 Rf1 62. Rxa5 1-0

[Event "Skakligaen 2022-23"]
[Site "Denmark"]
[Date "2023.03.05"]
[Round "7.2"]
[White "Veng, Johnni"]
[Black "Olsen, Filip Boe"]
[Result "0-1"]
[WhiteElo "2214"]
[BlackElo "2433"]
[PlyCount "50"]
[EventDate "2022.10.29"]
[EventType "team-tourn"]
[EventRounds "9"]
[EventCountry "DEN"]
[SourceTitle "Holdskaksystemet"]
[WhiteTeam "Nordre"]
[BlackTeam "Skanderborg"]

1. Nf3 Nf6 2. c4 e6 3. g3 d5 4. Bg2 d4 5. O-O c5 6. e3 Nc6 7. exd4 cxd4 8. Re1
Bd6 9. d3 h6 10. Nbd2 O-O 11. a3 a5 12. Qc2 Re8 13. Rb1 a4 14. b4 axb3 15. Nxb3
e5 16. Nfd2 Bf5 17. h3 Bxa3 18. Bxa3 Rxa3 19. Qb2 Qe7 20. c5 Ra4 21. Nc1 Qxc5
22. Qxb7 Nb4 23. Qf3 Bg6 24. Nc4 Nxd3 25. Nxd3 Bxd3 0-1

[Event "Skakligaen 2022-23"]
[Site "Denmark"]
[Date "2023.03.05"]
[Round "7.3"]
[White "Pedersen, Nicolai Vesterbaek"]
[Black "Sloth, Jorn"]
[Result "1-0"]
[WhiteElo "2367"]
[BlackElo "2296"]
[PlyCount "73"]
[EventDate "2022.10.29"]
[EventType "team-tourn"]
[EventRounds "9"]
[EventCountry "DEN"]
[SourceTitle "Holdskaksystemet"]
[WhiteTeam "Skanderborg"]
[BlackTeam "Nordre"]

1. Nf3 c5 2. e4 Nc6 3. Bb5 g6 4. Bxc6 dxc6 5. a4 e5 6. a5 f6 7. d3 Be6 8. O-O
Nh6 9. Qe1 c4 10. Qc3 cxd3 11. Rd1 Qc7 12. Rxd3 Nf7 13. a6 b6 14. Na3 Be7 15.
Nc4 O-O 16. Be3 Rfd8 17. b4 Rd7 18. Rxd7 Qxd7 19. Nfd2 Qc7 20. Rf1 Rd8 21. f4
exf4 22. Bxf4 Qc8 23. Ra1 c5 24. b5 Qd7 25. Rb1 Nd6 26. Bxd6 Bxd6 27. Qxf6 Rf8
28. Qc3 Bc7 29. Nf3 Rf4 30. Ncd2 Qg7 31. Qe3 Rf8 32. e5 Re8 33. Re1 Bf7 34. h3
Bd5 35. c4 Ba8 36. Ne4 Bxe5 37. Nxe5 1-0

[Event "Skakligaen 2022-23"]
[Site "Denmark"]
[Date "2023.03.05"]
[Round "7.4"]
[White "Christensen, Jan Schleicher"]
[Black "Brondt, Nicolai Kvist"]
[Result "1-0"]
[WhiteElo "2167"]
[BlackElo "2248"]
[PlyCount "69"]
[EventDate "2022.10.29"]
[EventType "team-tourn"]
[EventRounds "9"]
[EventCountry "DEN"]
[SourceTitle "Holdskaksystemet"]
[WhiteTeam "Nordre"]
[BlackTeam "Skanderborg"]

1. d4 Nf6 2. Nf3 d5 3. c4 c6 4. Nc3 e6 5. g3 dxc4 6. Bg2 b5 7. Ne5 a6 8. O-O
Bb7 9. b3 b4 10. bxc4 bxc3 11. Rb1 Ra7 12. d5 exd5 13. cxd5 Bd6 14. dxc6 Bc8
15. Nc4 Bc7 16. Qxd8+ Kxd8 17. Be3 Bf5 18. Rbd1+ Kc8 19. Bxa7 Ne4 20. Ne3 c2
21. Nxf5 cxd1=Q 22. Rxd1 Re8 23. Nxg7 Nc3 24. Bh3+ Re6 25. Rd2 Nxc6 26. Nxe6
fxe6 27. Bxe6+ Kb7 28. Be3 Ba5 29. Rd7+ Kb8 30. Kf1 Nb5 31. Rxh7 Nbd4 32. Bf4+
Ka8 33. Bd5 Bb6 34. e3 Bc7 35. Rxc7 1-0

[Event "Skakligaen 2022-23"]
[Site "Denmark"]
[Date "2023.03.05"]
[Round "7.5"]
[White "Berg, Klaus"]
[Black "Andersen, Thomas Klitgaard"]
[Result "1/2-1/2"]
[WhiteElo "2278"]
[BlackElo "2137"]
[PlyCount "38"]
[EventDate "2022.10.29"]
[EventType "team-tourn"]
[EventRounds "9"]
[EventCountry "DEN"]
[SourceTitle "Holdskaksystemet"]
[WhiteTeam "Skanderborg"]
[BlackTeam "Nordre"]

1. c4 e6 2. Nc3 d5 3. d4 Nf6 4. cxd5 exd5 5. Bg5 c6 6. Qc2 Be7 7. e3 Nbd7 8.
Bd3 h6 9. Bh4 Nh5 10. Bxe7 Qxe7 11. O-O-O Nb6 12. h3 Bd7 13. Nf3 O-O-O 14. Kb1
Kb8 15. Rc1 Bc8 16. Na4 Nxa4 17. Qxa4 Nf6 18. Rc3 Ne4 19. Rc2 f6 1/2-1/2